[Event "COME ON!!!!!"]
[Site "http://www.queenalice.com/game.php?id=430450"]
[Date "2008.7.10"]
[Round "-"]
[White "Lightningzap007"]
[Black "smoran90"]
[Result "1-0"]
[WhiteElo "1897"]
[BlackElo "2324"]

1. e4 c5 2. Nf3 Nc6 3. Bb5 Nf6 4. d3 Qa5+ 5. Nc3 Nd4 6. Bc4 b5 7. Bb3 Nxb3 8.
cxb3 b4 9. Ne2 g6 10. Be3 Bg7 11. Qc2 d6 12. h3 O-O 13. O-O Bb7 14. g4 Nd7 15.
Ng3 e6 16. Kh2 Kh8 17. d4 f5 18. gxf5 exf5 19. Ng5 f4 20. Ne6 cxd4 21. Bxd4 Bxd4
22. Nxd4 fxg3+ 23. fxg3 Qc5 24. Qd2 Qe5 25. Nf3 1-0

[Event "Let's Play Chess!"]
[Site "http://www.queenalice.com/game.php?id=430610"]
[Date "2008.7.10"]
[Round "-"]
[White "Philvd"]
[Black "smoran90"]
[Result "0-1"]
[WhiteElo "2083"]
[BlackElo "2317"]

1. c4 c5 2. Nf3 Nf6 3. d4 cxd4 4. Nxd4 e5 5. Nb5 d5 6. cxd5 Bc5 7. e3 O-O 8. Be2
Bf5 9. O-O Nbd7 10. Nd2 a6 11. Nc3 e4 12. Nb3 Bd6 13. f4 exf3 14. Bxf3 Qc7 15.
h3 Rae8 16. Kh1 b5 17. Nd4 Bg6 18. a3 Nc5 19. Bd2 Qd7 20. b4 Nd3 21. Be2 Bc7 22.
Qb3 Qd6 23. Nf3 Bh5 24. Bxd3 Bxf3 25. Kg1 Qh2+ 26. Kf2 Qg3+ 0-1

[Event "Let's Play Chess!"]
[Site "http://www.queenalice.com/game.php?id=430639"]
[Date "2008.7.10"]
[Round "-"]
[White "carbon"]
[Black "smoran90"]
[Result "1/2-1/2"]
[WhiteElo "2124"]
[BlackElo "2323"]

1. e4 c5 2. Nc3 Nc6 3. g3 e6 4. Bg2 Nf6 5. Nge2 d5 6. exd5 exd5 7. d3 Be7 8. O-O
O-O 9. Nf4 Bg4 10. Bf3 Bxf3 11. Qxf3 d4 12. Ncd5 Bd6 13. Nxf6+ Qxf6 14. Qd1 Ne5
15. Kg2 Rfe8 16. Nh3 h6 17. Bf4 Re7 18. Bxe5 Rxe5 19. Re1 Rae8 20. Rxe5 Qxe5 21.
Ng1 Re6 22. Qf3 Re7 23. a4 a6 1/2-1/2

[Event "AUTO-OPEN-867"]
[Site "http://www.queenalice.com/game.php?id=435260"]
[Date "2008.7.18"]
[Round "2"]
[White "QueenMalice"]
[Black "smoran90"]
[Result "0-1"]
[WhiteElo "1432"]
[BlackElo "2251"]

1. e4 c5 2. Nf3 Nc6 3. Bb5 Nf6 4. e5 Nd5 5. O-O g6 6. b3 Bg7 7. Re1 O-O 8. Bb2
d6 9. Bxc6 bxc6 10. c3 Bg4 0-1

[Event "AUTO-OPEN-867"]
[Site "http://www.queenalice.com/game.php?id=435261"]
[Date "2008.7.18"]
[Round "2"]
[White "smoran90"]
[Black "QueenMalice"]
[Result "1-0"]
[WhiteElo "2252"]
[BlackElo "1430"]

1. e4 e5 2. Nf3 Nc6 3. d4 d6 4. Bb5 Bd7 5. O-O Nf6 6. Re1 Qe7 7. Nc3 O-O-O 8.
Bg5 h6 9. Nd5 Qe6 10. Nxf6 gxf6 11. d5 1-0

[Event "Challenge"]
[Site "http://www.queenalice.com/game.php?id=447812"]
[Date "2008.8.12"]
[Round "-"]
[White "smoran90"]
[Black "chessprm"]
[Result "0-1"]
[WhiteElo "2284"]
[BlackElo "2218"]

1. e4 e5 2. Nf3 Nc6 3. c3 d5 4. Qa4 Nf6 5. Nxe5 Bd6 6. Nxc6 bxc6 7. d3 O-O 8.
Be2 Re8 9. Bg5 Rb8 10. Qc2 h6 11. Bxf6 Qxf6 12. Nd2 Qg6 13. O-O f5 14. Bf3 fxe4
15. dxe4 Re5 16. Rfe1 c5 17. Rac1 Bd7 18. Red1 c6 19. exd5 Qxc2 20. Rxc2 Bf5 21.
Rcc1 cxd5 22. Nc4 dxc4 23. Rxd6 Rxb2 24. Rd5 Rc2 0-1

[Event "Challenge"]
[Site "http://www.queenalice.com/game.php?id=450244"]
[Date "2008.8.18"]
[Round "-"]
[White "kasker"]
[Black "smoran90"]
[Result "1/2-1/2"]
[WhiteElo "2286"]
[BlackElo "2303"]

1. e4 c5 2. Nf3 Nc6 3. d4 cxd4 4. Nxd4 Nf6 5. Nc3 e5 6. Ndb5 d6 7. Bg5 a6 8. Na3
b5 9. Nd5 Be7 10. Bxf6 Bxf6 11. c3 O-O 12. Nc2 Bg5 13. a4 bxa4 14. Rxa4 a5 15.
Bb5 Ne7 16. Nxe7+ Qxe7 17. Nb4 Bg4 18. Qa1 Qb7 19. Bc6 Qb6 20. Bxa8 Qb5 21. f3
axb4 22. fxg4 Qd3 23. Qd1 Qe3+ 24. Qe2 Qc1+ 1/2-1/2

[Event "Challenge"]
[Site "http://www.queenalice.com/game.php?id=450367"]
[Date "2008.8.19"]
[Round "-"]
[White "smoran90"]
[Black "chessgoddess"]
[Result "1/2-1/2"]
[WhiteElo "2265"]
[BlackElo "2249"]

1. e4 e5 2. Nf3 Nc6 3. c3 d5 4. Qa4 Qd6 5. d4 Bd7 6. Bb5 Qg6 7. exd5 Qxg2 8.
dxc6 Qxh1+ 9. Ke2 Qxc1 10. cxb7 Qxb2+ 11. Kd1 Rd8 12. Bxd7+ Rxd7 13. Nxe5 c6 14.
Nxd7 Qxb7 15. Ne5 Ne7 16. Nd2 f6 17. Ne4 Qc7 18. Nc4 Nd5 19. Na5 Kd7 20. c4 Nb6
21. Qb3 Qxh2 22. Kc2 f5 23. Nd2 Qxf2 24. c5 Bxc5 25. Rf1 Qxd4 26. Qf7+ Be7 27.
Qxe7+ Kxe7 28. Nxc6+ Kd6 29. Nxd4 g6 30. Re1 Kd5 31. N2f3 1/2-1/2

[Event "AUTO-OPEN-893"]
[Site "http://www.queenalice.com/game.php?id=451467"]
[Date "2008.8.21"]
[Round "3"]
[White "fabianno"]
[Black "smoran90"]
[Result "1-0"]
[WhiteElo "2038"]
[BlackElo "2270"]

1. d4 Nf6 2. Nf3 g6 3. g3 Bg7 4. Bg2 O-O 5. O-O d5 6. c4 c6 7. Nc3 dxc4 8. Ne5
Be6 9. Na4 Nbd7 10. Nxd7 Nxd7 11. e3 Nb6 12. Nc5 Qc8 13. Bd2 Nd5 14. Qc2 b5 15.
Rfd1 Rd8 16. Rac1 Nb6 17. a4 Bf5 18. Qc3 e5 19. axb5 exd4 20. exd4 Bxd4 21. Qa3
cxb5 22. Nb7 Rd7 23. Nd6 1-0

[Event "AUTO-OPEN-893"]
[Site "http://www.queenalice.com/game.php?id=451468"]
[Date "2008.8.21"]
[Round "3"]
[White "smoran90"]
[Black "fabianno"]
[Result "0-1"]
[WhiteElo "2302"]
[BlackElo "2009"]

1. e4 c5 2. Nf3 e6 3. Nc3 a6 4. g3 Nc6 5. Bg2 Qc7 6. O-O Nf6 7. d3 h6 8. Re1 Bd6
9. Nd5 exd5 10. exd5+ Ne7 11. Qe2 O-O 0-1

[Event "AUTO-OPEN-867"]
[Site "http://www.queenalice.com/game.php?id=483539"]
[Date "2008.10.26"]
[Round "3"]
[White "Spike"]
[Black "smoran90"]
[Result "1-0"]
[WhiteElo "2195"]
[BlackElo "2190"]

1. e4 c5 2. Nf3 Nc6 3. d4 cxd4 4. Nxd4 Nf6 5. Nc3 e5 6. Ndb5 d6 7. Bg5 a6 8. Na3
b5 9. Nd5 Be7 10. Bxf6 Bxf6 11. c3 Rb8 12. Nc2 O-O 13. Be2 Bg5 14. a4 bxa4 15.
Ncb4 Bd7 16. Bxa6 Nxb4 17. Nxb4 Qf6 18. O-O 1-0

[Event "AUTO-OPEN-867"]
[Site "http://www.queenalice.com/game.php?id=483540"]
[Date "2008.10.26"]
[Round "3"]
[White "smoran90"]
[Black "Spike"]
[Result "0-1"]
[WhiteElo "2203"]
[BlackElo "2182"]

1. e4 e6 2. d4 d5 3. Nc3 Bb4 4. a3 Bxc3+ 5. bxc3 dxe4 6. Qg4 Nf6 7. Qxg7 Rg8 8.
Qh6 c5 9. Ne2 Rg6 10. Qh4 cxd4 11. cxd4 Nc6 12. Bb2 Qa5+ 13. Bc3 Qf5 14. Rd1 Bd7
0-1

[Event "AUTO-OPEN-749"]
[Site "http://www.queenalice.com/game.php?id=485057"]
[Date "2008.10.29"]
[Round "3"]
[White "Taura10"]
[Black "smoran90"]
[Result "0-1"]
[WhiteElo "1949"]
[BlackElo "2260"]

1. d4 Nf6 2. c4 g6 3. Nf3 Bg7 4. Nc3 d5 5. cxd5 Nxd5 6. e4 Nxc3 7. bxc3 c5 8.
Bb2 O-O 9. Bc4 Bg4 10. Be2 cxd4 11. cxd4 Qb6 12. Rb1 Qa5+ 13. Nd2 Bxe2 14. Qxe2
Qxa2 15. O-O Rc8 16. Nf3 a6 17. d5 b5 18. e5 Qxd5 19. Rfd1 Qb7 20. Nd4 e6 21.
Nf3 Nd7 22. Rd6 Nb6 23. Rbd1 Nd5 24. Qe4 Rc4 25. Qe2 Rac8 26. Qe1 Bf8 27. R6xd5
exd5 28. Qe3 a5 29. Ng5 h6 30. Nf3 a4 31. Nd2 Rc2 32. Rb1 b4 33. e6 fxe6 34.
Qxe6+ Qf7 35. Qe3 a3 36. Bd4 Rc1+ 37. Rxc1 Rxc1+ 38. Nf1 Rb1 39. Qd2 b3 40. g3
a2 41. Qa5 Bg7 42. Qd8+ Kh7 0-1

[Event "AUTO-OPEN-749"]
[Site "http://www.queenalice.com/game.php?id=485058"]
[Date "2008.10.29"]
[Round "3"]
[White "smoran90"]
[Black "Taura10"]
[Result "1-0"]
[WhiteElo "2263"]
[BlackElo "1945"]

1. e4 e6 2. d4 c5 3. d5 Be7 4. c4 e5 5. Nc3 d6 6. Nf3 a5 7. Bd3 Nf6 8. O-O Nbd7
9. h3 h6 10. Rb1 Nb6 11. b3 Nh7 12. a3 Bg5 13. b4 Bxc1 14. Qxc1 axb4 15. axb4
Nd7 16. Nb5 Ndf6 17. bxc5 dxc5 18. Nxe5 O-O 19. Nf3 Bd7 20. Qc2 Bxb5 21. Rxb5
Nd7 22. Rxb7 Re8 23. e5 Nhf8 24. Re1 Rb8 25. Qb2 Nb6 26. Rxb8 Qxb8 27. Rb1 Nbd7
28. Qxb8 Rxb8 29. Rxb8 Nxb8 30. Nd2 Nfd7 31. f4 Kf8 32. Kf2 Ke7 33. Ke3 f6 34.
Nf3 Na6 35. g4 Nb4 36. d6+ Kf7 37. Bg6+ Kxg6 38. e6 Nf8 39. e7 Kf7 40. exf8=Q+
Kxf8 41. Ke4 Kf7 42. Nh4 Ke6 43. Nf5 g6 44. Nxh6 Kxd6 45. f5 gxf5+ 46. Kxf5 Nd3
47. Kxf6 Ne5 48. Nf5+ 1-0

[Event "Challenge"]
[Site "http://www.queenalice.com/game.php?id=492295"]
[Date "2008.11.12"]
[Round "-"]
[White "Aleksander"]
[Black "smoran90"]
[Result "1-0"]
[WhiteElo "1597"]
[BlackElo "2178"]

1. e4 c5 2. Nf3 Nc6 3. d4 cxd4 4. Nxd4 Nf6 5. Nc3 e5 6. Ndb5 d6 7. Bg5 a6 8. Na3
b5 9. Nd5 Be7 10. Bxf6 Bxf6 11. c3 Rb8 12. Nc2 O-O 13. Bd3 Be6 14. Nce3 Bg5 15.
O-O Ne7 16. Qh5 Nxd5 17. Nxd5 f5 18. Rad1 1-0

[Event "Challenge"]
[Site "http://www.queenalice.com/game.php?id=503788"]
[Date "2008.12.6"]
[Round "-"]
[White "nightprawler"]
[Black "smoran90"]
[Result "0-1"]
[WhiteElo "1974"]
[BlackElo "2256"]

1. e4 c5 2. d4 cxd4 3. Qxd4 Nc6 4. Qd3 Nf6 5. Nd2 d5 6. h3 dxe4 7. Qb3 e6 8. Bb5
Bd7 9. c3 Bc5 10. Ne2 e3 11. fxe3 Bxe3 12. Nc4 Bc5 13. Be3 Bxe3 14. Nd6+ Kf8 15.
Nxb7 Qb6 16. Bxc6 Bxc6 17. Qa3+ Kg8 18. Na5 Bxg2 19. Rh2 Bf2+ 20. Kd1 Rd8+ 21.
Nd4 Bxd4 22. cxd4 Qxd4+ 23. Kc2 Qd2+ 24. Kb3 Rb8+ 25. Kc4 Bd5+ 26. Kc5 Ne4# 0-1

[Event "Challenge"]
[Site "http://www.queenalice.com/game.php?id=517917"]
[Date "2009.1.6"]
[Round "-"]
[White "waldi"]
[Black "smoran90"]
[Result "1-0"]
[WhiteElo "1783"]
[BlackElo "2226"]

1. d4 Nf6 2. c4 g6 3. Nf3 Bg7 4. Nc3 d5 5. Bg5 Ne4 6. cxd5 Nxg5 7. e4 Nxf3+ 8.
Qxf3 Bxd4 9. Bc4 O-O 10. Rd1 Bg7 11. O-O Nd7 12. Qe3 Ne5 13. Be2 1-0

[Event "Challenge"]
[Site "http://www.queenalice.com/game.php?id=524799"]
[Date "2009.1.18"]
[Round "-"]
[White "BEBADO"]
[Black "smoran90"]
[Result "1-0"]
[WhiteElo "2153"]
[BlackElo "2255"]

1. d4 Nf6 2. c4 g6 3. Nc3 d5 4. cxd5 Nxd5 5. e4 Nxc3 6. bxc3 Bg7 7. Bc4 O-O 8.
Ne2 c5 9. O-O Nc6 10. Be3 Qc7 11. Rc1 1-0